000 00725nam a22001935i 4500
001 157416
003 ES-MaACL
005 20260217063016.0
008 011221s1886 fr |||| | fre d
040 _aCAM
_bspa
_cCAM
100 1 _aLecoy de la Marche, Albert,
_d1839-1897
_9128823
245 1 3 _aLa chaire française au Moyen Age spécialement au XIIIe siècle d'après les manuscrits contemporains /
_cpar A. Lecoy de la Marche.
250 _a2e éd. corr. et augm.
260 _aParis :
_bLibrairie Renouard,
_c1886 (
_eTours :
_fImpr. Paul Bousrez)
300 _aXVI, 547 p. ;
_c23 cm.
650 4 _aOratoria sagrada-
_zFrancia.
_9138437
852 _aES-MaACL
_jB-4429
_z-- Rúst.
999 _c157416
_d157416